| 000 | 01711nam a2200517 i 4500 | ||
|---|---|---|---|
| 001 | 44995 | ||
| 003 | KOSZ 005 | ||
| 005 | 20250722063911.0 | ||
| 008 | 970510s1994 pl a |000 0 pol | ||
| 015 | _aUWD 1995/5137 | ||
| 020 | _a830111438X | ||
| 035 | _a991000045159705066 | ||
| 035 | _a(PL-WaBN)b1004551x-48omnis_nlop | ||
| 035 | _ab1004551x | ||
| 035 | _a(OCoLC)749162891 | ||
| 035 | _azz2003831821 | ||
| 035 | _a(PL)b0000001004551 | ||
| 035 | _a(EXLNZ-48OMNIS_NETWORK)9910021500705606 | ||
| 040 |
_aWA N _cWA N _dKOSZ 005/HR |
||
| 046 | _k1994 | ||
| 080 | _a657.05 | ||
| 080 | _a658.14/.17 | ||
| 080 | _a(075.8) | ||
| 100 | 1 |
_aDobija, Mieczysław _d(1943- ) _eAutor |
|
| 245 | 1 | 0 |
_aRachunkowość zarządcza / _cMieczysław Dobija ; Fundacja Edukacyjna Przedsiębiorczości. |
| 260 |
_aWarszawa : _bWydawnictwo Naukowe PWN, _c1994. |
||
| 300 |
_a275, [1] s. : _brys., wykr. ; _c24 cm. |
||
| 336 |
_aTekst _btxt _2rdacontent |
||
| 337 |
_aBez urządzenia pośredniczącego _bn _2rdamedia |
||
| 338 |
_aWolumin _bnc _2rdacarrier |
||
| 380 | _aKsiążki | ||
| 388 | _a1901-2000 | ||
| 388 | _a1989-2000 | ||
| 490 | 1 | _aPrzedsiębiorczość | |
| 504 | _aBibliogr. s. [276]. | ||
| 650 | 7 |
_aDecyzje _2DBN |
|
| 650 | 7 |
_aEkonomika przedsiębiorstwa _2DBN |
|
| 650 | 7 |
_aRachunkowość zarządcza _2DBN |
|
| 655 | 7 |
_aPodręczniki akademickie _2DBN |
|
| 658 | _aGospodarka, ekonomia, finanse | ||
| 710 | 2 |
_aWydawnictwo Naukowe PWN _4pbl |
|
| 830 | 0 | _aPrzedsiębiorczość (PWN) | |
| 856 |
_uhttp://koha.tu.koszalin.pl/cgi-bin/koha/opac-detail.pl?biblionumber=44995 _yKatalog online BPK |
||
| 942 |
_2UKD _cKS |
||
| 999 |
_c44995 _d44995 |
||